Cross and commissar : the politics of religion in Eastern Europe and the USSR /

Bibliographic Details
Main Author: Ramet, Sabrina P., 1949-
Format: Book
Language:English
Published: Bloomington : Indiana University Press, [1987]
Subjects:

MARC

Tag First Indicator Second Indicator Subfields
LEADER 00000cam a2200000 a 4500
001 in00000027190
005 20151007055925.0
008 861103s1987 inua b 00110 eng
010 |a  86046165  
020 |a 0253315751 
035 |a (OCoLC)14718149 
035 |9 AAB9664AM 
040 |a DLC  |c DLC  |d UtOrBLW 
043 |a ee-----  |a e-ur--- 
049 |a TXAM  |c [A11506503] 
050 0 0 |a BR738.6  |b .R26 1987 
082 0 |a 322/.1/0947  |2 19 
100 1 |a Ramet, Sabrina P.,  |d 1949- 
245 1 0 |a Cross and commissar :  |b the politics of religion in Eastern Europe and the USSR /  |c Pedro Ramet. 
264 1 |a Bloomington :  |b Indiana University Press,  |c [1987] 
264 4 |c ©1987 
300 |a x, 244 pages :  |b illustrations ;  |c 24 cm. 
336 |a text  |b txt  |2 rdacontent 
337 |a unmediated  |b n  |2 rdamedia 
338 |a volume  |b nc  |2 rdacarrier 
504 |a Bibliography: pages 235-238. 
500 |a Includes index. 
650 0 |a Church and state  |z Communist countries  |x History. 
650 0 |a Church and state  |z Soviet Union  |x History  |y 20th century. 
650 0 |a Communism and Christianity  |z Europe, Eastern  |x History  |y 20th century. 
650 0 |a Communism and Christianity  |z Soviet Union  |x History  |y 20th century. 
651 0 |a Europe, Eastern  |x Church history. 
651 0 |a Soviet Union  |x Church history. 
999 |a MARS 
999 f f |s 542cad53-37f5-3b34-81f5-9fac6d7849a3  |i f3ac8ca2-c963-3522-af0c-da54cafa958f  |t 0 
952 f f |p ric  |a Texas A&M University  |b Rellis Campus  |c Joint Library Facility  |d Remote Storage  |t 0  |e BR738.6 .R26 1987  |h Library of Congress classification  |i unmediated -- volume  |m A14811506503 
998 f f |a BR738.6 .R26 1987  |t 0  |l Remote Storage